Регионална библиотека "Любен Каравелов" - Русе

Изгората на дявола (Запис номер 89180)

MARC детайли
000 -Лидер
Контролно поле с фиксирана дължина 01254nam a2200313 c 4500
003 - Код на организацията, давaща контролен номер
Контролно поле BLK
005 - Дата и час на последна редакция
Контролно поле 20220217161808.0
008 - Елементи от данни с фиксирана дължина
fixed length control field 180408b bul|||||r ||||||| ||bul||
010 ## - Наследен системен номер
LC control number KNG00093875000
020 ## - Международен стандартен номер на книга ISBN
Международен стандартен номер на книга ISBN 978-954-337-065-8
040 ## - Източник на каталожния запис
Идентификатор на билиотеката - собственик на записа BLK
041 ## - Код за език
Код за езика на текст/звукозапис или на отделно заглавие Български
Код за езика КДБФ Български
080 ## - УДК
Текстов определител УДК Естонска литература
УДК код - определител по УДК 821.511.113
УДК определител -32
УДК - код + определител 821.511.113-32
100 1# - Редна дума - Автор
Автор Валтон, Арво
Авторска отговорност първи автор
R(LIN) 45244
139 ## - Редно поле
Редна дума Валтон, Арво
Авторски знак Вал - В 18
245 10 - Сведения за заглавието
Заглавие Изгората на дявола
Подзаглавни данни Новели
Редно поле (дума) Арво Валтон; прев. от ест. Дора Стоянова Янева-Медникарова.
257 ## - Страна на издаване
Страна на създаване/издаване Естония
260 ## - Област на издателските данни
Име на издателя, разпространителя и проч. Авангард принт
Година на издаване 2009
300 ## - Физическа характеристика
Страници 174 с.
Размери/Мащаб 20 см
380 ## - Жанр
Жанр Худож. лит.
490 1# - СЕРИИ (Колекции)
Име на серия Съвременна естонска класика
500 ## - Общи забележки
Забележка Ориг. загл. Valitud Teosed / Arvo Valton. - Съдържа и за авт.
700 1# - Други автори (авторска отговорност)
Лично име Янева-Медникарова, Дора Стоянова
Автороска отговорност (Описва отношението между автора и произведението) прев. от ест.
9 (RLIN) 365173
852 ## - Местоположение
Форматна сигнатура Цб 246810
852 ## - Местоположение
Форматна сигнатура К 821/В 18 А
856 4# - Електронен адрес и достъп
Електронен формат pdf - файл
856 4# - Електронен адрес и достъп
Електронен формат pdf - файл
999 ## - СИСТЕМНИ КОНТРОЛНИ НОМЕРА
Koha biblionumber 89180
Koha biblioitemnumber 89180
942 ## - АРТИКУЛИ
Вид на библиотечния материал Книги
Скрит в OPAC Не
Периодичен библиозапис Да
944 ## - СЪЗДАВАНЕ И РЕДАКЦИЯ на ЗАПИСА
Създаване/Редакция Създаване
Дата на регистрацията/редакция 27.01.2010
Статус, дата на статуса ф /
Служител, извършил регистрацията/редакцията Валя_Йорданова
944 ## - СЪЗДАВАНЕ И РЕДАКЦИЯ на ЗАПИСА
Създаване/Редакция Редакция
Дата на регистрацията/редакция 27.01.2010
Статус, дата на статуса ф /
999 ## - СИСТЕМНИ КОНТРОЛНИ НОМЕРА
Koha biblioitemnumber 89180
Наличности
Код за отписване Код за изгубен артикул Код за повреда Коз за рестрикции Код за отдаване Артикулен № Име на библиотеката - собственик Име на библиотеката, в която се намира в момента Статус (Текущо местоположение) Дата на вписване в системата Местоположение - отдел Цена в лева Инвентарен номер Систематично азбучна сигнатура Баркод Номер на екземпляра Цена в евро Служебна бележка Служебен тип на артикула Източник на класификационната схема Номерация (Хронология)
  Не е изгубен Не е повреден без рестрикции заемане за дома 144404 Регионална библиотека "Любен Каравелов" Русе Регионална библиотека "Любен Каравелов" Русе Заемна - подръчен фонд 2010-01-28 Заемна - подръчен фонд 8.00 120000741568 П 894-32/В 18 120000741568 1 4.09 Дост: DA Вид: А N: 4 Дата: 28.01.2010 Дата инв: 08.02.2018 Бележки инв: П2018 Книги    
  Не е изгубен Не е повреден без рестрикции заемане за дома 144405 Регионална библиотека "Любен Каравелов" Русе Регионална библиотека "Любен Каравелов" Русе Заемна - подръчен фонд 2010-01-28 Заемна - подръчен фонд 8.00 120000741569 П 894-32/В 18 120000741569 2 4.09 Дост: DA Вид: А N: 4 Дата: 28.01.2010 Дата инв: 08.02.2018 Бележки инв: П2018 Книги    
  Не е изгубен Не е повреден без рестрикции ползва се в читалня 144406 Регионална библиотека "Любен Каравелов" Русе Регионална библиотека "Любен Каравелов" Русе Краезнание 2010-01-28 Краезнание 8.00 120000741570 К 821/В 18 А 120000741570 3 4.09 Дост: DA Вид: А N: 4 Дата: 28.01.2010 Дата инв: 08.11.2017 Бележки инв: К2017 Книги Universal Decimal Classification Автограф: Дора Янева-Медникарова
Vip Innovations Ltd, Rousse, Bulgaria 2025